000 00607nam a2200169Ia 4500
999 _c4403
_d4403
020 _a0-7546-2279-7
082 _a341.4802 CON-D
100 _aConte, Alex
245 0 _aDefining civil and political rights: the jurisprudence of the United Nations Human Rights Committee
260 _aAldershot
_bAshgate Publishing
_c2004
300 _axxi, 257
504 _aincludes index
650 _aUnited Nations Human Rights Committee (HRC); International Convent on Civil and Political Rights (ICCPR); Human rights; Political rights
700 _aDavidson, Scott
700 _aBurchill, Richard
942 _cBK